000 00277nam a22001337a 4500
008 170822b xxu||||| |||| 00| 0 eng d
020 _a9780201869507
041 _aeng
080 _a51
100 _a37
101 _aMAT
245 _aALGEBRA
_cCHARLES.R.I
942 _2udc
_cBK
999 _c24423
_d24423